| 000 | 00819nam a2200229Ia 4500 | ||
|---|---|---|---|
| 003 | OSt | ||
| 005 | 20240611102122.0 | ||
| 008 | 210719s2016 xx 000 0 und d | ||
| 040 | _cAL | ||
| 041 | _aeng | ||
| 082 | _a378.04 XAVC | ||
| 100 |
_aXavier board of higher education in India _9169996 |
||
| 245 |
_aChallenges and prospects in higher education: _bopportunities for innovation and networking |
||
| 260 |
_aSahrdaya College of Engineering and Technology, Thrissur, Kerala _c2016 |
||
| 300 |
_a132 _bPB |
||
| 365 | _cRs | ||
| 440 |
_a22nd triennial conference _9169998 |
||
| 650 |
_aHigher Education _9169997 |
||
| 650 |
_aHigher Education _9169997 |
||
| 906 | _a2016 ; 5-8 ; challenges ; conference ; education ; higher ; May ; prospects ; Second ; triennial ; Twenty, May 5-8, 2016 | ||
| 942 |
_2ddc _cBK |
||
| 999 |
_c215732 _d215732 |
||